000 00244nam a22001097a 4500
999 _c533418
_d533418
040 _cdlc
082 _a208.06665
100 _aMargaret Mccarthy
_927290
245 _aLetter Writing made Simple over 200
300 _a197;pxv
942 _2ddc
_cBK